| 000 | 00416nam a2200121Ia 4500 | ||
|---|---|---|---|
| 008 | 160609s9999 xx 000 0 und d | ||
| 100 | _aIgweonu, Kene. | ||
| 245 | _aTrends In Twenty-first Century African Theatre And Performance. (themes In Theatre) | ||
| 245 | _cBy:Kene Igweonu | ||
| 260 | _c2011 | ||
| 650 | _xINTRODUCTION TO THEATRE ARTS | ||
| 856 | _uhttp://file.ebook777.com/TreInTweCenAfrTheAndPer(thInThe.pdf | ||
| 999 |
_c295640 _d295640 |
||